Todos los países modernos controlados por los Países Bajos - Estadísticas

Estadísticas generales
  • Esta prueba ha sido intentada 154 veces
  • La puntuación promedio es 48 de 53
Respuestas en el mapa
Las respuestas están codificadas por una escala verde-roja en el mapa de la prueba según el % correcto abajo.
 
Estadísticas de respuestas
Countries % Correcto
India
99%
Bélgica
98%
Brasil
98%
China
98%
Estados Unidos
98%
Indonesia
98%
Japón
98%
Sudáfrica
98%
Tailandia
98%
Guyana
97%
Madagascar
97%
Países Bajos
97%
Surinam
97%
Canadá
96%
Colombia
96%
Haití
96%
Irán
96%
Omán
96%
Vietnam
96%
Camboya
95%
Malasia
95%
Yemen
95%
Bangladés
94%
Francia
94%
Nigeria
94%
Senegal
94%
Sri Lanka
94%
Timor Oriental
94%
Irak
93%
Pakistán
93%
Mozambique
92%
Myanmar
92%
Angola
91%
Mauritania
91%
Alemania
90%
Guinea Ecuatorial
90%
Maldivas
89%
República del Congo
89%
Togo
89%
Benín
88%
Luxemburgo
88%
Chile
87%
Liberia
87%
Gabón
86%
Santo Tomé y Príncipe
85%
Noruega (Svalbard and Jan Mayen)
84%
Ghana
83%
Mauricio
81%
Taiwán
77%
Trinidad y Tobago
76%
Granada
69%
Venezuela
69%
Reino Unido (Several Overseas Territories)
67%
No se encontraron pruebas coincidentes
Distribución de puntuación
Porcentaje de gente con cada puntuación
Porcentaje por número respondido
Historial de tus puntuaciones
No has intentado esta prueba.